Constitución política reformada

Guardat en:
Dades bibliogràfiques
Autor principal: Vodanovic Haklicka, Antonio (Autor)
Format: Llibre
Idioma:espanyol
Publicat: Santiago Jurídica Ediar-ConoSur 1989
Matèries:
Etiquetes: Afegir etiqueta
Sense etiquetes, Sigues el primer a etiquetar aquest registre!

MARC

LEADER 00000nam a2200000 a 4500
001 UCV1082
003 CL-VaPUC
008 890929e19890000CL |||||||||||||||||spa|d
082 0 4 |a 342.83  |b VOD  |2 21 
100 0 |a Vodanovic Haklicka, Antonio  |e author  |9 295339 
245 1 0 |a Constitución política reformada 
300 |a 147 p 
942 |c BK 
945 |d 19890929 00:00:00  |a aalvarez 
260 |a Santiago  |b Jurídica Ediar-ConoSur  |c 1989 
500 |a Contiene: Pacto Internacional de Derechos Civiles y Políticos. Pacto Internacional de Derechos Económicos, Sociales y Culturales 
650 7 |a CONSTITUCION 1989  |2 CL-VaPUC  |9 255905 
651 7 |a CHILE  |2 CL-VaPUC  |9 295340 
583 |a last modification  |c 19890929 00:00:00  |k Rodrigo Vera 
999 |c 209155  |d 209153 
952 |0 0  |1 0  |4 0  |6 342_830000000000000_VOD_1989  |7 0  |8 A  |9 184379  |a BIBDER  |b BIBDER  |d 2019-11-14  |i 2516233  |o 342.83 VOD 1989  |p 2516233  |r 2023-01-25  |w 2019-11-14  |y BK  |k DER